000 00518nam a2200169 4500
001 112834
003 ES-MaACL
005 20230906185640.0
007 t|
008 061121s1926 gw r ||||1| ger d
100 1 _aNubbaum, Arthur.
_986113
245 1 0 _aInternationales Jahrbuch für schielsgerichtswesen in aivil und Handelssachen /
_cherausgeben von Dr. Arthur Nubbaum.
260 _aBerlin :
_bCarl Heymanns,
_c1926.
300 _aVII, 375 p. ;
_c25 cm.
500 _aEs el v. I.
852 _aES-MaACL
_jD-9003
999 _c112834
_d112834